000 02549nam a22002297a 4500
003 MN-UlNLM
005 20250203152425.0
008 250203s1963 rur||||| |||| 00| 0 rus d
040 _aUB01000001
_bmon
_cMN-UlNLM
_dMN-UlNLM
_erda
041 0 _arus
084 _210-t
_a7(572.3)
_bО-115
_q85
245 1 _aО бурятском изобразительном искусстве
_bстатьи и материалы
_cРедактор: С.И. Огиенко
264 1 _aУлан-Удэ
_bБурятское книжное издательство
_c1963
300 _a160 хуудастай
505 _t Г. Е. Павлов. От первой до второй декады-3--
_tА. В. Тумахани. К вопросу o современном прикладном искусстве Бурятии-30--
_tИ. И. Соктоева. Живопись Бурятии 1920-х годов -34--
_tЕ. А. Панкратова. Картина Ц. С. Сампилова «Любовь в степи» -74--
_tЕ. А. Панкратова. Альбом монгольских зарисовок Ц. С. Сампилова-78--
_tА. В. Тумахани. Певец родного края-89--
_tГ. Е. Павлов. Творчество Р. С. Мэрдыгеева -104--
_tИ. И. Соктоева. Письма Д. Тудупова-118--
_tГ. Ленхобоев, К. Герасимова. Материалы 0 народных умельцах Оронгоя-135--
_t А. В. Тумахани. О личном фонде П. П. Хороших-154--
_tИ. Е. Тугутов. Поучительная выставка-156
520 _aОбзорные статьи по живописи и прикладному искусству, статьи об отдельных художниках и их произведениях, новые публикации и сообщения, а также репродукции картин представление 0 бурятском изобразительном искусстве в прошлом и настоящем. Сборник адресован широким читательским кругам, интересующимся вопросами развития искусства в республике.
546 _arus
_abua
_bКирилл
650 4 _aУрлаг
880 1 _6245-01(N
_aO buri︠a︡tskom izobrazitelʹnom iskusstve
_bstatʹi i materialy
_cRedaktor: S.I. Ogienko
880 1 _6245-01(N
_aUlan-Ude
_bBuri︠a︡tskoe knizhnoe izd-vo
_c1963
942 _210-t
_cBK
999 _c1155602
_d1155659